Valoarte (Record no. 893)
[ view plain ]
| 000 -LEADER | |
|---|---|
| campo de control de longitud fija | 00509nam a22001457a 4500 |
| 008 - DATOS DE LONGITUD FIJA--INFORMACIÓN GENERAL | |
| campo de control de longitud fija | 160504b xxu||||| |||| 00| 0 eng d |
| 082 ## - NÚMERO DE LA CLASIFICACIÓN DECIMAL DEWEY | |
| Número de clasificación | 708.972.86 |
| Número de ítem | V199v |
| 100 ## - ENTRADA PRINCIPAL--NOMBRE DE PERSONA | |
| Nombre de persona | Karen Clachar |
| 9 (RLIN) | 4609 |
| 110 ## - ENTRADA PRINCIPAL--NOMBRE DE ENTIDAD CORPORATIVA | |
| Nombre de entidad corporativa o nombre de jurisdicción como elemento de entrada | Valoarte |
| 9 (RLIN) | 4914 |
| 245 ## - MENCIÓN DEL TÍTULO | |
| Título | Valoarte |
| Resto del título | Arte + mercado + obra social |
| Mención de responsabilidad, etc. | Solis, Jose Pablo; Rozina Cazali; Clachar, Karen. |
| 260 ## - PUBLICACIÓN, DISTRIBUCIÓN, ETC. | |
| Lugar de publicación, distribución, etc. | San Jose |
| Nombre del editor, distribuidor, etc. | Valoarte |
| Fecha de publicación, distribución, etc. | 2012 |
| 300 ## - DESCRIPCIÓN FÍSICA | |
| Extensión | unpaged |
| Otras características físicas | col. |
| Dimensiones | 24 cm |
| 650 ## - PUNTO DE ACCESO ADICIONAL DE MATERIA--TÉRMINO DE MATERIA | |
| Término de materia o nombre geográfico como elemento de entrada | Arte- Mercado |
| Subdivisión de forma | Arte moderno |
| Subdivisión general | Artistas Costa Rica |
| Subdivisión geográfica | Costa Rica |
| 9 (RLIN) | 4915 |
| 710 ## - ENTRADA AGREGADA--NOMBRE DE ENTIDAD CORPORATIVA | |
| Nombre de entidad corporativa o nombre de jurisdicción como elemento de entrada | Valoarte. |
| 9 (RLIN) | 4916 |
| Estatus retirado | Estado de pérdida | Fuente del sistema de clasificación o colocación | Estado de daño | No para préstamo | Biblioteca de origen | Biblioteca actual | Ubicación en estantería | Fecha de adquisición | Total de préstamos | Signatura topográfica completa | Código de barras | Visto por última vez | Precio de reemplazo | Tipo de ítem Koha |
|---|---|---|---|---|---|---|---|---|---|---|---|---|---|---|
| Clasificación Decimal Dewey | Biblioteca LadoV | Biblioteca LadoV | 04/05/2016 | 708.972.86 V199v | 001989 | 04/05/2016 | 04/05/2016 | Material 01 |
